[Event "Stay Safe Play From Home 299"]
[Site "Emanuel Lasker Arena"]
[Date "2020.07.13"]
[Round "6"]
[White "Lamborghini"]
[Black "Broken sword"]
[Result "0-1"]
[WhiteElo "2144"]
[BlackElo "2406"]
[Annotator "TA"]
[PlyCount "110"]
[EventDate "2020.07.13"]
[EventType "swiss (blitz)"]

{[%evp 24,110,25,22,74,64,112,102,97,72,45,62,170,148,220,183,285,254,912,909,897,796,860,895,824,510,501,475,569,558,674,647,836,837,2099,447,446,434,422,344,346,341,401,414,465,419,614,479,5381,2731,2249,1510,1356,101,1271,1064,672,318,223,62,70,0,477,415,466,445,417,391,839,-776,-755,-903,-893,-858,-853,-762,0,-876,-854,-12840,-12840,-12841,-12839,-12839,0,0,12836,12836,12842]} 1. e4 c6 2. d4 d5 3. Nc3 dxe4 4. Nxe4 Bf5 5. Ng3 Bg6 6. h4 h6 7. Nf3 Nd7 8. h5 Bh7 9. Bd3 Bxd3 10. Qxd3 Ngf6 11. Bf4 e6 12. O-O-O Qa5 13. Kb1 Qb5 {B19: Classical Caro-Kann: 4...Bf5 main line.} (13... Be7 $11) 14. c4 $1 $16 {[%cal Rc4b5] [#]} Qb6 $146 ({Predecessor:} 14... Qa5 15. Ne5 Rd8 16. Ng6 Rg8 17. Rhe1 Nxh5 18. Bd2 Bb4 19. Bxb4 Qxb4 20. Nxh5 Nc5 21. Qe3 fxg6 22. dxc5 Rxd1+ 23. Rxd1 Qxc4 {1-0 (30) Vujacic,I (2148)-Vujadinovic,Z (1906) Podgorica 2007}) 15. Ne4 Be7 {White is better.} 16. Nc3 O-O 17. g4 Nh7 (17... Nxg4 $14 18. c5 Qa6) 18. Rhg1 $18 f6 (18... Qa5 $16 {is a better defense.} 19. Bd2 Qd8) 19. Qe2 {c5 is the strong threat.} Qd8 (19... e5 {was called for.} 20. c5 (20. dxe5 Nxe5 21. Be3 Qc7 $16) 20... Qa6) 20. Qxe6+ Kh8 $2 (20... Rf7 21. c5 Ng5 22. Bxg5 fxg5) 21. Nh4 {[%cal Rh4g6]} Ng5 22. Ng6+ Kh7 23. Qf5 Kg8 24. Rge1 Bb4 25. d5 Bxc3 26. bxc3 Rf7 27. d6 Qb6+ 28. Ka1 Qa5 29. Rd3 (29. Qxa5 $142 c5 30. Ne7+ Kh7 31. Qc7) 29... Qxf5 30. gxf5 Rd8 31. Re7 Nh7 32. Be3 b6 33. f4 Nhf8 34. c5 bxc5 (34... Nxc5 $142 35. Bxc5 bxc5) 35. c4 Nxg6 (35... Nb6 $142 36. Bxc5 Nfd7) 36. fxg6 Rff8 37. f5 Ne5 38. Rc3 $2 (38. Ra3 $18 {is more deadly.} a5 39. Rxa5) 38... Rd7 $2 {[%mdl 8192]} (38... Rxd6 $16 39. Rxa7 Re8) 39. Bxc5 Rfd8 40. Rxe5 (40. Kb1 $142 Rb8+ 41. Rb3 Rxb3+ 42. axb3) 40... fxe5 {[%mdl 4096] Endgame [#] KRR-KRB} 41. Re3 $2 ({White must play} 41. Ra3 $1 $18) 41... Re8 $14 42. Re4 (42. Kb2 $14) 42... Kf8 $2 {[%mdl 8192]} (42... Rb7 $11 {and Black is okay.}) 43. Kb2 $18 Rb7+ 44. Kc3 {d7+ would kill now.} Rd7 45. Bb4 a5 $2 (45... Kg8 46. Kd3 a5) 46. c5 $4 {[%mdl 8192]} (46. Bxa5 $18 Rc8 47. Bc7) 46... axb4+ $19 47. Rxb4 e4 48. Kd2 e3+ 49. Ke2 Re5 $2 (49... Rdd8 $19 50. a4 Re5) 50. Rb3 $2 {[%mdl 8192]} (50. Rb8+ $11 Re8 51. Rb4) 50... Rd8 51. Rxe3 Rxe3+ 52. Kxe3 Ke8 53. Kf4 {[#]} Kd7 $2 {[#]} ({Black should play} 53... Ra8 $1 $19 {[%cal Ra8a2]} 54. f6 gxf6) 54. f6 $1 $11 {[%mdl 512]} gxf6 $2 {[%mdl 8192]} (54... Ke6 $11 55. f7 Rf8) 55. Kf5 $18 Rf8 {[%mdl 32768] Both players deserved the win here. Accuracy: White = 48%, Black = 33%. . Loss on time!?} 0-1

[Event "Stay Safe Play From Home 299"]
[Site "Emanuel Lasker Arena"]
[Date "2020.07.13"]
[Round "6"]
[White "Bardellosport"]
[Black "SoulofWolf"]
[Result "0-1"]
[WhiteElo "2075"]
[BlackElo "2175"]
[Annotator "TA"]
[PlyCount "184"]
[EventDate "2020.07.13"]
[EventType "swiss (blitz)"]

{[%evp 9,184,-3,0,-4,-4,-8,-3,-8,-10,-44,0,0,-6,-65,-73,-127,-88,-122,-93,-130,-103,-102,-16,-60,-60,-66,0,-68,-41,-56,44,-13,74,100,106,-32,97,0,0,-420,-351,-396,-408,-401,-230,-246,-190,-190,-159,-374,-110,-263,-231,-186,-28,-29987,-13,-13,-16,-29977,-29969,-1287,0,-104,0,0,0,-4746,-4072,-2616,-2567,-2393,-2338,-2047,-1670,-1589,-1425,-2508,-2501,-2459,-2399,-1969,-1360,-29977,-29978,-29978,-29979,-29979,-29980,-29980,-29979,-29979,-29980,-29980,-29978,-29978,-29979,-29981,-29979,-29979,-29980,-29981,-29982,-29984,-29983,-29983,-29982,-29983,0,-29983,-29983,-29985,-29986,-29992,-29991,-29992,-29983,-29987,-29984,-29986,-29987,-29993,-29992,-29992,-29987,-29997,-29996,-29997,-29994,-29995,-29995,-29996,-29995,-29995,-29994,-29994,-29995,-29996,-29995,-29995,-29995,-29996,-29995,-29995,-29994,-29994,-29983,-29994,-29994,-29994,-29993,-29997,-29996,-29996,-29993,-29993,-29992,-29992,-29992,-29992,-29991,-29991,-29991,-29992,-29993,-29993,-29992,-29993,-29992,-29992,-29993,-29993,-29994,-29994,-29994,-29994,-29994]} 1. d4 c5 2. e3 e6 3. c3 Nf6 4. f4 Be7 5. Nf3 O-O 6. Bd3 {A43: Schmid Benoni.} d5 7. Qe2 b6 8. Nbd2 {The position is equal.} Bb7 9. Ne5 Nbd7 10. O-O Ne4 {[#]} 11. Bxe4 $146 (11. Nxe4 $11 dxe4 12. Bc4) ({Predecessor:} 11. Qf3 f5 12. Qe2 Nxe5 13. fxe5 Bg5 14. Nf3 Bh6 15. Bd2 Kh8 16. Be1 g5 17. g4 fxg4 18. Bxe4 gxf3 19. Bxf3 {½-½ (56) Geldyeva,M (2220)-Kosteniuk,A (2555) Doha 2016}) 11... dxe4 $15 12. g4 (12. a4 $142) 12... f5 13. Nxd7 Qxd7 14. g5 g6 15. Nc4 Bd6 (15... cxd4 $17 {Threatens to win with ...d3.} 16. cxd4 Ba6) 16. Ne5 Bxe5 17. dxe5 a5 (17... Rfd8 $15) 18. b3 (18. Rd1 $11 Bd5 19. b3) 18... Ba6 19. c4 a4 (19... Qd3 $15 20. Rf2 a4 $1 {[%mdl 512]}) 20. Bb2 (20. Rd1 $14 Qe7 21. Bb2) 20... Rad8 (20... Qd3 $11 21. Kf2 b5 22. Qxd3 exd3) 21. Rad1 $16 Qc7 22. Qc2 ({Reject} 22. bxa4 $6 Rxd1 23. Rxd1 Rd8 $11) (22. Rd6 $1 $16) 22... b5 {[#]} (22... Rd3 $15) 23. cxb5 ({Better is} 23. Rd6 $1 $16 {[%mdl 512]} Rxd6 24. exd6 Qxd6 25. Rd1 (25. Qc3 e5 $11)) 23... Bxb5 $11 24. Ba3 $2 {[%mdl 8192]} (24. Rxd8 $11 Rxd8 25. Rc1) 24... axb3 25. axb3 Bxf1 26. Rxf1 Rd3 (26... Rd5 $142 {aiming for ...Qa5.} 27. Rc1 Rc8) 27. Bxc5 $19 Rc8 28. b4 Qd7 29. Rf2 $2 {[#]} (29. Qa2 $17) 29... Ra8 $2 (29... Rxe3 $1 $19 {[%mdl 512]} 30. Qa2 (30. Bxe3 Rxc2) 30... Rd3) 30. Qc4 $2 (30. Bd4 $17) 30... Ra1+ 31. Kg2 Kf7 $2 ({Black should play} 31... Rdd1 $19 {White must now prevent ...h6.} 32. Kh3 h6 $1 {[%mdl 512]} 33. gxh6 Kh7) 32. Rc2 $2 {[%mdl 8192]} (32. Bd4 $11 Ra8 33. b5) 32... Rad1 $2 (32... Rd2+ $1 {mates} 33. Kh3 Rh1 $1 {[%mdl 512]} 34. Kg3 Rhxh2 35. Rxd2 Qxd2 36. Qf1 Rh5 37. Qf2 Qd1 38. Qg2 Qe1+ 39. Qf2 Qh1 40. Qe2 Rh3+ 41. Kf2 Rh2+ {[%mdl 64] Skewer} 42. Kg3 Rxe2 43. Bd6 Qh2#) 33. Bd4 $1 $11 R1d2+ 34. Kg3 $2 {[%mdl 8192]} (34. Rxd2 $11 Rxd2+ 35. Kg3) 34... Rxc2 35. Qxc2 {[%mdl 4096] Endgame KQR-KQB} Qb7 $2 (35... Qxd4 $19 36. Qc7+ Qd7) 36. Qc5 {[#]} (36. Qa4 $11) 36... Qd7 ({Black should try} 36... Rb3 $1 $17 37. Bc3 Rb1) 37. b5 Rd1 38. Qc6 $2 {[%mdl 8192] White is now going downhill.} (38. b6 $11) 38... Qxc6 $19 39. bxc6 {KR-KB} Ke8 40. c7 Kd7 41. Bb6 Kc8 42. h4 Rd3 43. h5 Rb3 44. Bc5 Kxc7 45. Bd6+ Kd7 46. hxg6 hxg6 47. Kf2 Kc6 48. Be7 Kd5 49. Bd8 Rd3 50. Bb6 Kc4 51. Ke2 Kb3 52. Bc5 Kc2 53. Bb6 Rb3 54. Bd4 Rb8 55. Kf2 Kd3 56. Kg3 Rh8 57. Kg2 Rh5 58. Kg3 Rh8 59. Kg2 $1 Rc8 {Black mates.} 60. Kg3 Rc2 61. Kh4 Re2 62. Kg3 Re1 63. Bc5 Rb1 64. Bd4 Ke2 65. Ba7 Rg1+ 66. Kh2 Ra1 67. Kh3 Rxa7 {KR-KP} 68. Kg3 Kd3 69. Kh4 Ra2 70. Kg3 Re2 71. Kh3 Rxe3+ {KR-K3P} 72. Kh4 Re2 73. Kg3 Rc2 74. Kh3 e3 75. Kg3 e2 76. Kf2 Kd4 77. Ke1 Rd2 78. Kf2 Ke4 79. Ke1 Rd3 80. Kf2 Re3 81. Ke1 Rf3 82. Kxe2 Rxf4 {KR-KPP} 83. Kd2 Rg4 84. Kc3 Rxg5 85. Kc4 Kxe5 {KR-K} 86. Kc5 f4 87. Kc6 Rg4 88. Kd7 Ke4 89. Ke7 f3 90. Kf7 Rg5 91. Ke7 Rf5 92. Ke8 e5 {Accuracy: White = 51%, Black = 56%.} 0-1

[Event "Stay Safe Play From Home 299"]
[Site "Emanuel Lasker Arena"]
[Date "2020.07.13"]
[Round "6"]
[White "Sfantul321"]
[Black "Haxhi Baha"]
[Result "1-0"]
[WhiteElo "1959"]
[BlackElo "2026"]
[Annotator "NA RC"]
[PlyCount "75"]
[EventDate "2020.07.13"]
[EventType "swiss (blitz)"]

1. c4 {[%emt 0:00:01]} e6 {[%emt 0:00:01]} 2. Nc3 {[%emt 0:00:00]} d6 {[%emt 0:00:00]} 3. g3 {[%emt 0:00:01]} c5 {[%emt 0:00:00]} 4. Bg2 {[%emt 0:00:00]} Nc6 {[%emt 0:00:00]} 5. e3 {[%emt 0:00:00]} Nf6 {[%emt 0:00:01]} 6. Nge2 {[%emt 0:00:00]} Be7 {[%emt 0:00:01]} 7. O-O {[%emt 0:00:00]} d5 {[%emt 0:00:00]} 8. h3 {[%emt 0:00:00]} dxc4 {[%emt 0:00:01]} 9. Qa4 {[%emt 0:00:01]} Bd7 {[%emt 0:00:01]} 10. Qxc4 {[%emt 0:00:01]} O-O {[%emt 0:00:01]} 11. Qb3 {[%emt 0:00:01]} a6 {[%emt 0:00:01]} 12. a4 {[%emt 0:00:01]} Qc7 {[%emt 0:00:01]} 13. Qc2 {[%emt 0:00:01]} Rab8 {[%emt 0:00:02]} 14. d4 {[%emt 0:00:01]} cxd4 {[%emt 0:00:01]} 15. Nxd4 {[%emt 0:00:00]} Nb4 {[%emt 0:00:02]} 16. Qb3 {[%emt 0:00:01]} Rfc8 {[%emt 0:00:04]} 17. Bd2 {[%emt 0:00:01]} Nd3 {[%emt 0:00:01]} 18. Rfd1 {[%emt 0:00:05]} Nc5 {[%emt 0:00:02]} 19. Qc2 {[%emt 0:00:01]} b5 {[%emt 0:00:02]} 20. axb5 {[%emt 0:00:01]} axb5 {[%emt 0:00:00]} 21. b4 {[%emt 0:00:07]} Na4 {[%emt 0:00:05]} 22. Rdc1 {[%emt 0:00:01]} Nxc3 {[%emt 0:00:01]} 23. Bxc3 {[%emt 0:00:01]} Qb6 {[%emt 0:00:03]} 24. Qd2 {[%emt 0:00:02]} Nd5 {[%emt 0:00:03]} 25. Bxd5 {[%emt 0:00:02]} exd5 {[%emt 0:00:00]} 26. Nf3 {[%emt 0:00:01]} Bxh3 {[%emt 0:00:02]} 27. Bd4 {[%emt 0:00:01]} Qg6 {[%emt 0:00:05]} 28. Ne5 {[%emt 0:00:02]} Qe4 {[%emt 0:00:02]} 29. f4 {[%emt 0:00:02]} h5 {[%emt 0:00:03]} 30. Nc6 {[%emt 0:00:03]} Rxc6 {[%emt 0:00:02]} 31. Rxc6 {[%emt 0:00:02]} h4 {[%emt 0:00:01]} 32. Kh2 {[%emt 0:00:01]} Bd7 {[%emt 0:00:02]} 33. Rc7 {[%emt 0:00:01]} hxg3+ {[%emt 0:00:00]} 34. Kxg3 {[%emt 0:00:01]} Qg6+ {[%emt 0:00:01]} 35. Kf2 {[%emt 0:00:01]} Bh4+ {[%emt 0:00:02]} 36. Ke2 {[%emt 0:00:08]} Qg2+ {[%emt 0:00:02]} 37. Kd1 {[%emt 0:00:01]} Qf1+ {[%emt 0:00:01]} 38. Kc2 {[%emt 0:00:01] Time (Lag: Av=0.74s, max=1.1s) '} 1-0

[Event "Stay Safe Play From Home 299"]
[Site "Emanuel Lasker Arena"]
[Date "2020.07.13"]
[Round "6"]
[White "Greblha"]
[Black "Klasman"]
[Result "1-0"]
[WhiteElo "1873"]
[BlackElo "1311"]
[Annotator "NA RC"]
[PlyCount "41"]
[EventDate "2020.07.13"]
[EventType "swiss (blitz)"]

1. e4 {[%emt 0:00:01]} f5 {[%emt 0:00:01]} 2. exf5 {[%emt 0:00:01]} Nf6 {[%emt 0:00:01]} 3. d4 {[%emt 0:00:02]} d5 {[%emt 0:00:01]} 4. Nc3 {[%emt 0:00:01]} Bxf5 {[%emt 0:00:01]} 5. Bd3 {[%emt 0:00:00]} Bxd3 {[%emt 0:00:01]} 6. Qxd3 {[%emt 0:00:00]} c6 {[%emt 0:00:01]} 7. Nf3 {[%emt 0:00:01]} Nbd7 {[%emt 0:00:02]} 8. O-O {[%emt 0:00:01]} Qb6 {[%emt 0:00:02]} 9. Re1 {[%emt 0:00:01]} O-O-O {[%emt 0:00:02]} 10. Ne5 {[%emt 0:00:01]} Nxe5 {[%emt 0:00:02]} 11. Rxe5 {[%emt 0:00:01]} Nd7 {[%emt 0:00:03]} 12. Qf5 {[%emt 0:00:01]} g6 {[%emt 0:00:03]} 13. Qh3 {[%emt 0:00:02]} h5 {[%emt 0:00:04]} 14. Be3 {[%emt 0:00:02]} Bh6 {[%emt 0:00:06]} 15. Na4 {[%emt 0:00:02]} Qb5 {[%emt 0:00:06]} 16. Nc5 {[%emt 0:00:01]} Bxe3 {[%emt 0:00:04]} 17. Rxe3 {[%emt 0:00:05]} Rdf8 {[%emt 0:00:05]} 18. Qxd7+ {[%emt 0:00:04]} Kb8 {[%emt 0:00:01]} 19. Rb3 {[%emt 0:00:01]} Qxb3 {[%emt 0:00:04]} 20. axb3 {[%emt 0:00:03]} Rxf2 {[%emt 0:00:02]} 21. Qxb7# {[%emt 0:00:01] (Lag: Av=0.40s, max=0.5s)} 1-0

[Event "Stay Safe Play From Home 299"]
[Site "Emanuel Lasker Arena"]
[Date "2020.07.13"]
[Round "6"]
[White "NeatFox"]
[Black "Cirovicz"]
[Result "0-1"]
[WhiteElo "1844"]
[BlackElo "1946"]
[Annotator "TA"]
[PlyCount "60"]
[EventDate "2020.07.13"]
[EventType "swiss (blitz)"]

{[%evp 9,60,37,82,89,118,43,75,-72,-91,-237,0,-991,-735,-858,-843,-1148,-930,-1158,-1140,-1133,-1121,-1147,-1095,-3093,-1428,-2268,-2236,-2736,-2785,-29991,-29992,-29994,-29993,-29993,-1914,-1876,-1786,-5897,-2352,-29993,-29994,-29994,-29993,-29994,-29995,-29995,-29993,-29993,-29994,-29995,-29996,-29996,-29995]} 1. g4 d6 2. Bg2 Bxg4 3. Bxb7 Nd7 4. Bxa8 Qxa8 5. f3 {[#]} Bh5 $146 ({Predecessor:} 5... Ne5 6. d4 Qd5 7. dxe5 Qa5+ 8. Bd2 Qb6 9. fxg4 Qxb2 10. Bc3 Qb7 11. Nf3 Nh6 12. exd6 exd6 {1-0 (18) Angermann,I-Krahl,W CServe email 1996}) 6. Nc3 {A00: Irregular Openings.} g5 7. Nb5 (7. d4 $16) 7... Kd8 8. Nh3 {[#]} (8. d4 $16 {keeps the pressure on.}) 8... g4 $1 $17 {[%cal Rg4f3]} 9. Ng5 (9. Ng1 $17 {was worth a try.}) 9... gxf3 $2 ({Better is} 9... Qd5 $19 10. d4 gxf3 11. Nxd6 f2+ {[%mdl 64] Discovered Attack} 12. Kxf2 Qxd6) 10. e3 $2 {[%mdl 8192]} (10. Nxf3 $11 Ngf6 11. Rg1) 10... h6 {aiming for ...f2+!} 11. Kf2 hxg5 12. Rg1 f5 13. Rxg5 Bg4 14. Qh1 Bh6 15. Rg6 Ngf6 16. Nd4 Ne5 (16... Ne4+ $142 17. Kf1 Bh3+ 18. Ke1 f2+ 19. Ke2 {[#]} Ng3+ $1 {[%mdl 576] Discovered Attack, Promotion} 20. Rxg3 Qxh1) 17. Ne6+ {[#]} Kd7 $1 {( -> ...Ne4+)} 18. Rxf6 exf6 19. Nf4 Bxf4 20. exf4 Nc4 21. d3 Nb6 (21... Qe8 $142 22. h3 Qe2+ {[%mdl 64] Double Attack} 23. Kg3 Rxh3+ 24. Qxh3 {[%mdl 64] Remove Defender} Bxh3 25. Kh4 f2 26. Kxh3 f1=Q+ 27. Kh4 Qh2#) 22. Be3 $19 Rh3 23. Re1 Qh8 24. Rg1 Rxh2+ {[%mdl 64] Double Attack. Black mates.} 25. Ke1 Rxh1 26. Rxh1 Qxh1+ 27. Kd2 Qg2+ 28. Kc3 f2 29. Bxf2 Qxf2 30. Kb3 Qxf4 {Accuracy: White = 10%, Black = 48%.} 0-1

[Event "Stay Safe Play From Home 299"]
[Site "Emanuel Lasker Arena"]
[Date "2020.07.13"]
[Round "7"]
[White "Mepe_Nika"]
[Black "Justwatch"]
[Result "1-0"]
[WhiteElo "2419"]
[BlackElo "1703"]
[Annotator "TA"]
[PlyCount "117"]
[EventDate "2020.07.13"]
[EventType "swiss (blitz)"]

{[%evp 11,117,42,45,0,48,56,43,0,19,13,107,-17,118,-19,-15,-36,-18,-44,137,84,401,395,408,410,412,379,415,397,511,346,593,384,383,377,450,406,549,549,620,628,839,841,1188,1179,1246,772,734,691,769,762,733,703,29998,29995,29998,29999,29999,777,1237,284,254,95,348,344,308,335,417,420,411,411,508,512,505,493,29999,279,29985,439,29948,504,29998,29999,29999,208,277,73,305,245,29986,272,493,272,454,-29965,29974,29976,29961,8,8,8,8,0,0,-29972,-29972,-29970,-29969,-29974]} 1. d4 Nf6 2. Bf4 g6 3. Nc3 d6 4. e4 Bg7 5. Qd2 Nc6 6. Nf3 O-O 7. Bh6 {is cutting edge theory. B08: Pirc Defence: Classical System.} Bg4 (7... e5 $5 {[%cal Re5d4]} 8. Bxg7 Kxg7 $11) 8. Bxg7 $1 Kxg7 9. O-O-O {White is slightly better.} Bxf3 10. gxf3 {[#]} Nh5 $146 (10... e5 $11 {remains equal.}) ({Predecessor:} 10... e5 11. dxe5 dxe5 12. Qe3 Qe7 13. f4 Rad8 14. Bh3 a6 15. Rhe1 Rxd1+ 16. Rxd1 exf4 17. Qxf4 {0-1 (50) Karjakin,S (2783)-Nepomniachtchi,I (2751) chess.com INT 2017}) 11. f4 (11. d5 $1 $16) 11... e6 (11... e5 $1 $11) 12. f5 (12. d5 $16) 12... Qh4 $11 13. Kb1 Qf4 14. Qd3 Nb4 $2 ({Much worse is} 14... gxf5 15. exf5 Nf6 16. fxe6 $14) (14... Qxf2 $15 {keeps the upper hand.} 15. Qc4 exf5) 15. Qc4 (15. Qb5 $142 a5 16. fxe6 (16. Qxb7 Rab8 $15)) 15... c6 $2 {[%mdl 8192]} (15... Nc6 $16) 16. Qxb4 $18 exf5 17. exf5 Qxf5 18. Bd3 Qe6 19. d5 cxd5 20. Qd4+ f6 $2 (20... Qe5 {is a better defense.} 21. Qxd5 Qxd5 22. Nxd5 Rae8) 21. Qxd5 Qxd5 22. Nxd5 Rac8 23. Rhe1 Kh6 24. Re7 Rc5 25. c4 b5 26. b4 bxc4 27. bxc5 cxd3 28. Rxd3 dxc5 29. Ne3 Rb8+ 30. Kc2 Rb4 31. Rdd7 Nf4 32. h4 {[%csl Gd7][%cal Re7h7]} g5 33. Rxh7+ Kg6 34. h5+ (34. Rdg7# $142) 34... Nxh5 35. Rxh5 $2 (35. Rh8 {White wants to mate with Rg8+.} Rf4 36. Rg8+ Kh6 37. f3) 35... Kxh5 {[%mdl 4096] Endgame KRN-KR} 36. Rd5 $2 (36. Rxa7 $18 {has better winning chances. And now Nd5 would win.} Rf4 37. Nd1) 36... c4 $2 {[%mdl 8192]} (36... Ra4 $16) 37. Ra5 Rb7 38. Nxc4 Rc7 39. Kd3 Kh4 40. Ra6 Rd7+ 41. Rd6 Rf7 42. Ne3 f5 (42... Kh5 $18 43. Ke4 Rb7) 43. Nd5 $2 (43. Rh6#) 43... f4 $2 (43... Kg4 $18 44. Ke3 Rf8 45. Nf6+ Kh3) 44. Rf6 (44. Rh6+ $142 Kg4 45. Ke4 a6 46. Nf6+ Rxf6 47. Rxf6 Kh3 48. Rxa6 Kg2 49. Rg6 $1 {[%mdl 512]}) 44... Rd7 (44... Rxf6 $18 45. Nxf6 g4) 45. Ke4 (45. Rh6+ $142 Kg4 46. Ke4 Rxd5 47. Kxd5 Kf3 48. Ra6 g4 49. Rxa7 Kxf2 50. Rg7) 45... Rb7 (45... Kh5 $18 46. Ra6 Rb7 47. Nf6+ Kh4) 46. Rh6+ Kg4 47. f3+ $2 (47. Nf6#) 47... Kg3 48. Rc6 $2 (48. Rg6 $18) 48... Kf2 $2 (48... Rb2 $16) 49. Rc3 Rb4+ $2 (49... Rb2 $18 50. a4 Ra2) 50. Kf5 $2 (50. Nxb4 Kg2 51. Ra3 a6 52. Nd3 Kf1 53. Rxa6 Ke2 54. Rg6 g4 55. Rxg4) 50... Rd4 $2 (50... Rb5) 51. Ke5 (51. Nf6 $142) 51... Rd2 $2 (51... Ra4 52. Nf6 Ra5+ 53. Ke6 Kg2) 52. Rc2 $4 {[%mdl 8192]} (52. Nf6 $18 Rxa2 53. Ne4+ {[%mdl 64] Double Attack} Ke2 54. Nxg5) 52... Re2+ $4 {[%mdl 8192]} (52... Rxc2 {and life is good for Black.} 53. Ke4 Re2+ 54. Kf5 Kxf3 55. Nc3 Rg2 56. a3 g4 57. Nb5 Rd2 58. Ke5 g3 59. a4 g2 60. Nd4+ Kg4 61. Nf5 g1=Q 62. Nh6+ Kh5 63. Nf7 Qg6 64. Nh8 Qd6+ 65. Kf5 Re2 66. Nf7 Qg6+ {[%mdl 64] Double Attack} 67. Kxf4 Qg4#) 53. Rxe2+ Kxe2 {[#]} 54. Nxf4+ $2 (54. Ke4 $1 {mates} Kf2 {[#]} 55. Nxf4 $1 {[%mdl 512]} gxf4 56. Kxf4 a5 57. Ke4 Kg3 58. f4 Kh4 59. f5) 54... Kxf3 $11 {KN-KPP} 55. Ne6 g4 56. Nc5 g3 57. Nb3 $2 {[%mdl 8192]} (57. Nd3 $11) 57... g2 58. Nd2+ Kf2 59. Ne4+ {[%mdl 32768] Quite a comeback for Black. Accuracy: White = 33%, Black = 21%. . Loss on time!?} 1-0

[Event "Stay Safe Play From Home 299"]
[Site "Emanuel Lasker Arena"]
[Date "2020.07.13"]
[Round "7"]
[White "Broken sword"]
[Black "Lazieri3"]
[Result "1-0"]
[WhiteElo "2412"]
[BlackElo "2072"]
[Annotator "TA"]
[PlyCount "89"]
[EventDate "2020.07.13"]
[EventType "swiss (blitz)"]

{[%evp 17,89,0,0,-9,-7,0,3,0,0,0,0,0,0,0,0,0,0,0,11,8,20,18,11,16,7,5,9,0,0,0,0,0,0,0,0,-8,0,0,0,-8,0,-194,0,0,0,-4,-4,-7,0,-134,0,-4,0,-158,0,0,0,0,9,7,11,8,19,11,33,8,10,0,1,0,16,0,0,0]} 1. d4 c6 2. Nf3 d5 3. c4 Nf6 4. cxd5 cxd5 5. Nc3 Nc6 6. Bf4 Bf5 7. e3 e6 8. Bd3 Bxd3 9. Qxd3 Bd6 10. Bg5 {D14: Slav Defence: Exchange variation with ...Bf5.} h6 11. Bh4 O-O 12. O-O Be7 {[#]} 13. Bxf6 $146 ({Predecessor:} 13. Rfc1 Nd7 14. Bg3 Nb6 15. Nb5 Qd7 16. Qe2 Rac8 17. h3 a6 18. Nc3 Bd6 19. Bxd6 Qxd6 20. Ne1 Rc7 21. Nb1 {½-½ (21) Hovhannisyan,M (2513)-Ringoir,T (2506) Charleroi 2014}) 13... Bxf6 14. Rfc1 Be7 15. Na4 Rc8 16. Nc5 Bxc5 17. Rxc5 Ne7 18. Rac1 Qd6 19. g3 b6 20. R5c3 Rxc3 21. Rxc3 Rc8 22. Qc2 Rxc3 23. Qxc3 Qc6 24. Qd2 Qc4 25. b3 Qc7 26. Ne5 Nf5 27. Qd3 Nd6 28. Qa6 Ne4 {Hoping for ...Qc2.} 29. Qf1 $2 (29. Qb5 $11 {and White stays safe.} Kf8 30. Nd7+ Kg8 31. Ne5) 29... Nd2 $2 (29... Qc2 $19 30. a3 Qxb3) 30. Qd1 $11 Ne4 31. f3 Nd6 32. Qd2 Nf5 33. Kg2 {[#]} (33. Nd3 $11 {remains equal.}) 33... Nd6 (33... Qc2 $1 $17 {[%mdl 512]} 34. Qxc2 Nxe3+ {[%mdl 64] Double Attack} 35. Kf2 Nxc2) 34. Nd3 Nf5 {And now ...Qc2! would win.} 35. Nf4 $2 {[#]} ({Better is} 35. Ne5 $11) 35... Nd6 $2 (35... Qc2 $1 $17 {[%mdl 512]} 36. Qxc2 Nxe3+ {[%mdl 64] Double Attack} 37. Kh3 Nxc2) 36. g4 Ne8 37. Ne2 Nf6 38. Qc3 Qxc3 39. Nxc3 {[%mdl 4096] Endgame KN-KN} Ne8 40. Nb5 a5 41. Nc3 Kf8 {The position is equal.} 42. Kf2 Ke7 43. Ke2 Nd6 44. Na4 b5 45. Nc5 {[%mdl 32768] Accuracy: White = 87%, Black = 91%. . Loss on time!?} 1-0

[Event "Stay Safe Play From Home 299"]
[Site "Emanuel Lasker Arena"]
[Date "2020.07.13"]
[Round "7"]
[White "SoulofWolf"]
[Black "AChessPlayer"]
[Result "0-1"]
[WhiteElo "2187"]
[BlackElo "2371"]
[Annotator "TA"]
[PlyCount "60"]
[EventDate "2020.07.13"]
[EventType "swiss (blitz)"]

{[%evp 9,59,10,17,11,22,20,23,0,16,18,12,0,0,0,11,0,13,-6,-15,-32,-5,-14,-7,-66,-59,-78,-74,-121,-125,-121,-140,-125,-104,-188,-180,-239,-234,-322,-171,-848,-460,-430,-356,-1256,-1234,-2542,-2482,-2440,-2414,-29990,-29991,-29999]} 1. d4 Nf6 2. Nf3 e6 3. c4 c5 4. e3 d6 5. Nbd2 Nbd7 {[#]} 6. Bd3 $146 {E10: Blumenfeld Gambit.} ({Predecessor:} 6. b3 Be7 7. Bd3 b6 8. Qc2 Bb7 9. Bb2 cxd4 10. exd4 Rc8 11. Rc1 a6 12. Qb1 {0-1 (35) Richard,S (1499)-Rasamoely,T (1430) Loire 2004}) 6... a6 7. O-O b6 8. a4 {White has an edge.} Bb7 9. b3 Be7 10. Bb2 O-O 11. Rc1 Qc7 12. Qe2 Rac8 13. h3 Rfe8 14. Rc2 cxd4 15. exd4 Bf8 16. Rfc1 ({White should play} 16. Ng5 $11) 16... e5 $15 17. dxe5 dxe5 {[#] Hoping for ...e4.} 18. Ne4 Nxe4 19. Bxe4 Bxe4 20. Qxe4 Nc5 $36 {[%cal Bd7c5,Bc5d3,Bd3f2][%mdl 2080] Black is on the roll.} 21. Qe3 {[#]} (21. Qg4 $17 {was necessary.}) 21... e4 $1 $19 {[%cal Re4f3]} 22. Nd2 (22. Ne1 $142) 22... Nd3 23. Rb1 Bc5 (23... f5 $142 24. Qg5 Rcd8) 24. Qe2 $2 (24. Bd4) 24... Bxf2+ 25. Kh1 Bc5 {...Nf2+ is the strong threat.} 26. Ba1 $2 (26. Nxe4 Nxb2 27. Qf3) 26... Nf2+ 27. Kg1 Nxh3+ 28. Kh1 Nf2+ 29. Kg1 Ng4+ 30. Kh1 Qh2# {Accuracy: White = 39%, Black = 74%.} 0-1